[Event "DEM U18 2005"]
[Site "Willingen GER"]
[Date "2005.05.15"]
[Round "1"]
[White "Igonin, Pavel"]
[Black "Krämer, Martin"]
[Result "0-1"]
[Termination "normal"]
[Board "1"]
[BlackTitle "FM"]
[WhiteElo "2176"]
[BlackElo "2362"]
[PlyCount "88"]
[BlackFideId "4671910"]
[EventCountry "GER"]
[EventRounds "9"]
[EventType "swiss"]
[EventDate "2005.05.15"]

1. d4 Nf6 2. g3 e6 3. Bg2 d5 4. Nf3 b5 5. O-O Be7 6. a4 b4 7. c4 bxc3 8. bxc3
Ba6 9. Ne5 Nfd7 10. Nd3 O-O 11. e4 c6 12. Re1 Nb6 13. Ba3 Bxa3 14. Rxa3 N8d7
15. Nb4 Qc8 16. Nd2 Nc4 17. Nxc4 Bxc4 18. a5 Rb8 19. Qc2 Rb5 20. exd5 cxd5 21.
f4 Nf6 22. h3 Qc7 23. a6 Rc8 24. Re3 Bf1 25. Bxf1 Rxb4 26. Ra4 Rxa4 27. Qxa4
Qb6 28. Qb4 Qc7 29. Bd3 g6 30. Bf1 Rb8 31. Qa3 Rb1 32. c4 Qxc4 33. Qd3 Qc1 34.
Rf3 Ne4 35. g4 Nd2 36. Rf2 Nxf1 37. Rxf1 Qxf1+ 38. Qxf1 Rxf1+ 39. Kxf1 Kf8 40.
Ke2 Ke7 41. h4 Kd6 42. Kf3 f6 43. f5 gxf5 44. gxf5 e5 0-1

[Event "DEM U18 2005"]
[Site "Willingen GER"]
[Date "2005.05.15"]
[Round "1"]
[White "Heinz, Axel"]
[Black "Becker, Nils"]
[Result "1-0"]
[Termination "normal"]
[Board "2"]
[WhiteElo "2354"]
[BlackElo "2096"]
[PlyCount "39"]
[WhiteFideId "4667557"]
[BlackFideId "4695216"]
[EventCountry "GER"]
[EventRounds "9"]
[EventType "swiss"]
[EventDate "2005.05.15"]

1. e4 c5 2. Nf3 Nc6 3. Bb5 g6 4. Bxc6 dxc6 5. d3 Bg7 6. h3 Nf6 7. Nc3 Nd7 8.
O-O e5 9. Bg5 f6 10. Be3 Qe7 11. a3 Nf8 12. Na4 Ne6 13. b4 b6 14. bxc5 b5 15.
Nc3 O-O 16. a4 b4 17. Na2 a5 18. c3 bxc3 19. Qc1 Nxc5 20. Qa3 1-0

[Event "DEM U18 2005"]
[Site "Willingen GER"]
[Date "2005.05.15"]
[Round "1"]
[White "Elstner, Eik"]
[Black "Degtiarev, Jewgeni"]
[Result "0-1"]
[Termination "normal"]
[Board "3"]
[WhiteElo "2095"]
[BlackElo "2328"]
[PlyCount "66"]
[WhiteFideId "24605581"]
[BlackFideId "4149610"]
[EventCountry "GER"]
[EventRounds "9"]
[EventType "swiss"]
[EventDate "2005.05.15"]

1. d4 d5 2. c4 c6 3. Nf3 Nf6 4. Nc3 a6 5. cxd5 cxd5 6. Bf4 Nc6 7. Rc1 g6 8. e3
Bg7 9. Be2 Nh5 10. Bg5 h6 11. Bh4 g5 12. Bg3 Nxg3 13. hxg3 g4 14. Ne5 Nxe5 15.
dxe5 Bxe5 16. Nxd5 Be6 17. Rh5 f5 18. Bxg4 O-O 19. e4 Bxb2 20. Bxf5 Bxf5 21.
exf5 Bxc1 22. Qg4+ Kh8 23. f4 Qd6 24. Kf1 Bb2 25. Nxe7 Bg7 26. Ng6+ Kh7 27.
Nxf8+ Rxf8 28. Qe2 Rc8 29. Kg1 Rc1+ 30. Kh2 Qd1 31. Rxh6+ Bxh6 32. Qe7+ Bg7 33.
Qh4+ Kg8 0-1

[Event "DEM U18 2005"]
[Site "Willingen GER"]
[Date "2005.05.15"]
[Round "1"]
[White "Eisenbeiser, Amadeus"]
[Black "Schulz, Stefanie"]
[Result "1-0"]
[Termination "normal"]
[Board "4"]
[WhiteTitle "FM"]
[WhiteElo "2304"]
[BlackElo "2070"]
[PlyCount "85"]
[WhiteFideId "4678338"]
[BlackFideId "4693060"]
[EventCountry "GER"]
[EventRounds "9"]
[EventType "swiss"]
[EventDate "2005.05.15"]

1. e4 c5 2. Nf3 Nc6 3. d4 cxd4 4. Nxd4 g6 5. c4 Bg7 6. Be3 Nf6 7. Nc3 d6 8. Be2
Bd7 9. Qd2 O-O 10. O-O Nxd4 11. Bxd4 Bc6 12. f3 Nd7 13. Be3 a5 14. b3 Nc5 15.
Rab1 Qb6 16. Rfc1 Rfc8 17. Bd1 Qd8 18. a3 b6 19. Rc2 Rcb8 20. Be2 Qf8 21. b4
axb4 22. axb4 Nd7 23. Nd5 Qd8 24. Bg5 Bxd5 25. cxd5 b5 26. Be3 Ra3 27. Qc1 Rba8
28. Bxb5 Ra1 29. Bf1 h5 30. Rxa1 Bxa1 31. Rc6 Kh7 32. Ba6 Bf6 33. Rc8 Rxc8 34.
Qxc8 e6 35. Qxd8 Bxd8 36. dxe6 fxe6 37. Bc8 Ne5 38. Bxe6 Bc7 39. b5 Bb8 40. Bd4
g5 41. Kf1 Kg6 42. Bd5 Nd3 43. g3 1-0

[Event "DEM U18 2005"]
[Site "Willingen GER"]
[Date "2005.05.15"]
[Round "1"]
[White "Grimberg, Boris"]
[Black "Trella, Thomas"]
[Result "1/2-1/2"]
[Termination "normal"]
[Board "5"]
[WhiteElo "2066"]
[BlackElo "2266"]
[PlyCount "46"]
[WhiteFideId "4697499"]
[BlackFideId "24620513"]
[EventCountry "GER"]
[EventRounds "9"]
[EventType "swiss"]
[EventDate "2005.05.15"]

1. Nf3 d5 2. c4 e6 3. g3 Nf6 4. Bg2 dxc4 5. Qa4+ c6 6. Qxc4 b5 7. Qc2 Bb7 8.
O-O Be7 9. d4 O-O 10. Rd1 Qb6 11. a4 a6 12. a5 Qa7 13. Ne5 Rc8 14. h3 Nbd7 15.
Nxd7 Nxd7 16. Nc3 Nf6 17. e4 Rd8 18. Be3 Qb8 19. Na2 Rd7 20. b4 Qf8 21. Rab1
Rc8 22. Rb2 Rcd8 23. Rbb1 Kh8 1/2-1/2

[Event "DEM U18 2005"]
[Site "Willingen GER"]
[Date "2005.05.15"]
[Round "1"]
[White "Armbrust, Florian"]
[Black "Laßan, Christian"]
[Result "1-0"]
[Termination "normal"]
[Board "6"]
[WhiteElo "2243"]
[BlackElo "2065"]
[PlyCount "43"]
[WhiteFideId "4691350"]
[BlackFideId "4685997"]
[EventCountry "GER"]
[EventRounds "9"]
[EventType "swiss"]
[EventDate "2005.05.15"]

1. e4 e6 2. d4 d5 3. Nc3 Nf6 4. e5 Nfd7 5. f4 c5 6. Nce2 Nc6 7. Nf3 a6 8. c3 b5
9. a3 Qb6 10. Be3 Bb7 11. dxc5 Bxc5 12. Ned4 Qd8 13. Bd3 Bxd4 14. cxd4 Rc8 15.
O-O g6 16. g4 Na5 17. Kh1 Nc4 18. Bc1 h5 19. f5 Nf8 20. fxg6 Nxg6 21. Bxg6 fxg6
22. Qd3 1-0

[Event "DEM U18 2005"]
[Site "Willingen GER"]
[Date "2005.05.15"]
[Round "1"]
[White "Dück, Stefan"]
[Black "Nüsken, Nikolas"]
[Result "0-1"]
[Termination "normal"]
[Board "7"]
[WhiteElo "2049"]
[BlackElo "2243"]
[PlyCount "118"]
[WhiteFideId "4681355"]
[BlackFideId "24605891"]
[EventCountry "GER"]
[EventRounds "9"]
[EventType "swiss"]
[EventDate "2005.05.15"]

1. Nc3 c5 2. Nf3 Nc6 3. e4 g6 4. d4 cxd4 5. Nxd4 Bg7 6. Be3 Nf6 7. Bc4 O-O 8.
Bb3 Qa5 9. f3 d5 10. exd5 Nb4 11. d6 Nfd5 12. Nxd5 Nxd5+ 13. Qd2 Qxd2+ 14. Bxd2
Bxd4 15. Bxd5 e6 16. Bb3 Bxb2 17. Rd1 Bd7 18. c4 Rfc8 19. Be3 Ba3 20. Rd3 a5
21. Kf2 Bc5 22. Bxc5 Rxc5 23. a4 Ra6 24. Rc1 Rb6 25. Bd1 Rb2+ 26. Kg1 e5 27.
Rb3 Rxb3 28. Bxb3 Kf8 29. Kf2 Ke8 30. Ke3 Be6 31. Ba2 Kd7 32. Rd1 Rc6 33. Rb1
b6 34. Rb5 f6 35. c5 Bxa2 36. cxb6 Rc8 37. Rxa5 Kxd6 38. Ra7 Bd5 39. a5 Ra8 40.
Rxa8 Bxa8 41. a6 Kc6 42. b7 Bxb7 43. axb7 Kxb7 44. Ke4 Kc6 45. g4 Kd6 46. Ke3
Kd5 47. Kd3 f5 48. gxf5 gxf5 49. Ke3 f4+ 50. Kd3 h6 51. h3 e4+ 52. fxe4+ Ke5
53. Ke2 Kxe4 54. Kf2 h5 55. Ke2 h4 56. Kf2 f3 57. Kf1 Ke5 58. Ke1 Kf5 59. Kf1
Ke4 0-1

[Event "DEM U18 2005"]
[Site "Willingen GER"]
[Date "2005.05.15"]
[Round "1"]
[White "Mink, Jens"]
[Black "Behm, Simon"]
[Result "0-1"]
[Termination "normal"]
[Board "9"]
[WhiteElo "2002"]
[BlackElo "2214"]
[PlyCount "74"]
[BlackFideId "4691962"]
[EventCountry "GER"]
[EventRounds "9"]
[EventType "swiss"]
[EventDate "2005.05.15"]

1. Nc3 d5 2. e4 dxe4 3. Nxe4 Bf5 4. Ng3 Bg6 5. Bc4 e6 6. Nf3 Nd7 7. d3 Ngf6 8.
Qe2 Be7 9. Bd2 c5 10. h4 h6 11. h5 Bh7 12. Bc3 Qc7 13. Ne5 Nxe5 14. Bxe5 Qc6
15. O-O b5 16. Bb3 O-O 17. a4 a6 18. Rfd1 Rfd8 19. c3 Rd7 20. d4 Rad8 21. axb5
axb5 22. c4 cxd4 23. cxb5 Qb7 24. Bc4 d3 25. Qf3 Qxf3 26. gxf3 d2 27. b6 Bc2
28. Bc7 Bxd1 29. Rxd1 Rf8 30. Ne4 Nxe4 31. fxe4 Rd4 32. Ba6 Bd8 33. f3 Ra4 34.
Bb5 Rb4 35. Rxd2 Bxc7 36. bxc7 Rxb5 37. Rd8 Rc5 0-1

[Event "DEM U18 2005"]
[Site "Willingen GER"]
[Date "2005.05.15"]
[Round "1"]
[White "Feuerstack, Aljoscha"]
[Black "Kaufmann, Benjamin"]
[Result "1-0"]
[Termination "normal"]
[Board "10"]
[WhiteElo "2209"]
[BlackElo "1942"]
[PlyCount "49"]
[WhiteFideId "4681932"]
[BlackFideId "24613525"]
[EventCountry "GER"]
[EventRounds "9"]
[EventType "swiss"]
[EventDate "2005.05.15"]

1. e4 e5 2. Nf3 Nc6 3. Bb5 Nf6 4. O-O d6 5. d4 Bd7 6. Bxc6 Bxc6 7. Re1 exd4 8.
Nxd4 Bd7 9. Qf3 Be7 10. h3 h6 11. c4 O-O 12. Nc3 Re8 13. Bf4 Qc8 14. Kh2 Nh7
15. Nd5 Bg5 16. Bg3 Be6 17. Nf5 Bxd5 18. cxd5 g6 19. Nd4 Bf6 20. Qd3 Nf8 21.
Rac1 a6 22. Bxd6 Be5+ 23. Bxe5 Rxe5 24. f4 Re8 25. Qc3 1-0

[Event "DEM U18 2005"]
[Site "Willingen GER"]
[Date "2005.05.15"]
[Round "1"]
[White "Skibbe, Willi"]
[Black "Frübing, Stefan"]
[Result "0-1"]
[Termination "normal"]
[Board "11"]
[WhiteElo "1934"]
[BlackElo "2204"]
[PlyCount "88"]
[WhiteFideId "4682190"]
[BlackFideId "4682165"]
[EventCountry "GER"]
[EventRounds "9"]
[EventType "swiss"]
[EventDate "2005.05.15"]

1. e4 c5 2. Nf3 Nc6 3. d4 cxd4 4. Nxd4 g6 5. c4 Bg7 6. Be3 Nf6 7. Nc3 d6 8. Be2
O-O 9. O-O Bd7 10. f3 Nxd4 11. Bxd4 a5 12. b3 Bc6 13. Rc1 Nd7 14. Be3 Nc5 15.
Rf2 Qb6 16. Nb5 Rfc8 17. Bf1 Qd8 18. Rd2 Qf8 19. g4 Bd7 20. Rg2 Bc6 21. Nd4 Be5
22. Nxc6 Rxc6 23. f4 Bg7 24. Qf3 Rac8 25. h4 a4 26. b4 Ne6 27. f5 Nd4 28. Qf2
Nb5 29. Rd1 Nc3 30. Qf3 Nxd1 31. Qxd1 Rxc4 32. Bxc4 Rxc4 33. Qd5 Qc8 34. fxg6
hxg6 35. b5 Be5 36. h5 e6 37. Qd3 Rc3 38. Qd2 Qc4 39. hxg6 Rxe3 40. gxf7+ Kf8
41. g5 Qxe4 42. g6 Re1+ 43. Kf2 Bd4+ 44. Qxd4 Re2+ 0-1

[Event "DEM U18 2005"]
[Site "Willingen GER"]
[Date "2005.05.15"]
[Round "1"]
[White "Hoffmann, Udo"]
[Black "Jahncke, Giso"]
[Result "0-1"]
[Termination "normal"]
[Board "12"]
[WhiteElo "2196"]
[BlackElo "1882"]
[PlyCount "78"]
[WhiteFideId "24605735"]
[BlackFideId "24608289"]
[EventCountry "GER"]
[EventRounds "9"]
[EventType "swiss"]
[EventDate "2005.05.15"]

1. e4 c5 2. Nf3 Nc6 3. d4 cxd4 4. Nxd4 Nf6 5. Nc3 e5 6. Ndb5 d6 7. Bg5 a6 8.
Na3 b5 9. Bxf6 gxf6 10. Nd5 Bg7 11. Bd3 Ne7 12. Ne3 f5 13. g4 fxe4 14. Bxe4 Ra7
15. Nd5 Nxd5 16. Bxd5 O-O 17. c3 Kh8 18. h4 f5 19. g5 Bb7 20. Nc2 Bxd5 21. Qxd5
Qb6 22. h5 h6 23. Qe6 hxg5 24. h6 Bf6 25. Ne3 Raf7 26. Qxf5 Bd8 27. Qg6 d5 28.
Qxb6 Bxb6 29. O-O-O d4 30. Ng4 dxc3 31. Nxe5 Rxf2 32. Ng6+ Kg8 33. h7+ Kg7 34.
h8=Q+ Rxh8 35. Rhe1 Rhh2 36. bxc3 Rxa2 37. Kb1 Bc5 38. Re6 Rhb2+ 39. Kc1 Kf7
0-1

[Event "DEM U18 2005"]
[Site "Willingen GER"]
[Date "2005.05.15"]
[Round "1"]
[White "Müller, Pascal"]
[Black "Mijatovic, Vladimir"]
[Result "1/2-1/2"]
[Termination "normal"]
[Board "13"]
[WhiteElo "1813"]
[BlackElo "2181"]
[PlyCount "63"]
[BlackFideId "934062"]
[EventCountry "GER"]
[EventRounds "9"]
[EventType "swiss"]
[EventDate "2005.05.15"]

1. e4 c5 2. c3 Nf6 3. e5 Nd5 4. d4 cxd4 5. Nf3 e6 6. cxd4 b6 7. Bc4 Bb7 8. O-O
Be7 9. Qe2 O-O 10. Nc3 Nxc3 11. bxc3 d6 12. Bf4 Nc6 13. Ba6 Bxa6 14. Qxa6 Qc7
15. exd6 Bxd6 16. Bxd6 Qxd6 17. Rfd1 Rfd8 18. Qe2 Rac8 19. Rac1 Rc7 20. Nd2 Na5
21. c4 Qb4 22. d5 exd5 23. cxd5 Rxc1 24. Rxc1 Qd4 25. Rc7 Qxd5 26. Qe7 Rf8 27.
Rd7 Qh5 28. h3 Nc6 29. Qd6 Qb5 30. Rc7 Na5 31. Rxa7 h6 32. Rd7 1/2-1/2

[Event "DEM U18 2005"]
[Site "Willingen GER"]
[Date "2005.05.15"]
[Round "1"]
[White "Möller, Hendrik"]
[Black "Lang, Henry"]
[Result "1-0"]
[Termination "normal"]
[Board "14"]
[WhiteElo "2180"]
[BlackElo "1792"]
[PlyCount "77"]
[WhiteFideId "24604917"]
[EventCountry "GER"]
[EventRounds "9"]
[EventType "swiss"]
[EventDate "2005.05.15"]

1. e4 e6 2. d4 d5 3. Nc3 Nf6 4. e5 Nfd7 5. Nce2 c5 6. f4 Nc6 7. Nf3 Be7 8. c3
Qb6 9. a3 a5 10. b3 f6 11. g3 Nf8 12. Bh3 Bd7 13. O-O O-O-O 14. Kh1 h5 15. f5
fxe5 16. dxe5 d4 17. c4 exf5 18. Nf4 g6 19. Nd5 Qa6 20. Ng5 Bxg5 21. Bxg5 Re8
22. b4 Ne6 23. b5 Qa7 24. bxc6 Bxc6 25. Bf6 Rh7 26. Bg2 Qa6 27. Rb1 b5 28. Rf2
b4 29. axb4 cxb4 30. Ra2 Ra7 31. Rxb4 axb4 32. Rxa6 Rxa6 33. Nxb4 Bxg2+ 34.
Kxg2 Rb6 35. Qa4 Nc7 36. Nd5 Ra6 37. Qb3 Ree6 38. Qd3 Ra2+ 39. Kh3 1-0

[Event "DEM U18 2005"]
[Site "Willingen GER"]
[Date "2005.05.15"]
[Round "2"]
[White "Krämer, Martin"]
[Black "Strohhäker, Raoul"]
[Result "1/2-1/2"]
[Termination "normal"]
[Board "1"]
[WhiteTitle "FM"]
[WhiteElo "2362"]
[BlackElo "2226"]
[PlyCount "62"]
[WhiteFideId "4671910"]
[BlackFideId "4687400"]
[EventCountry "GER"]
[EventRounds "9"]
[EventType "swiss"]
[EventDate "2005.05.15"]

1. e4 c5 2. Nf3 e6 3. d4 cxd4 4. Nxd4 Nc6 5. Nc3 Qc7 6. Be3 a6 7. Be2 Nf6 8. a3
b5 9. Nxc6 dxc6 10. f4 Bb7 11. O-O Rd8 12. Qe1 c5 13. e5 Nd5 14. Nxd5 Bxd5 15.
a4 Qc6 16. axb5 axb5 17. Qf2 Be7 18. Ra5 c4 19. Ra7 Ra8 20. Rxa8+ Qxa8 21. Bc5
Qd8 22. Rd1 Qc7 23. Bxe7 Qxe7 24. f5 O-O 25. f6 gxf6 26. exf6 Qc7 27. Bf3 Bxf3
28. Qxf3 Kh8 29. Ra1 Qe5 30. h3 h6 31. c3 Rg8 1/2-1/2

[Event "DEM U18 2005"]
[Site "Willingen GER"]
[Date "2005.05.15"]
[Round "2"]
[White "Behm, Simon"]
[Black "Heinz, Axel"]
[Result "1/2-1/2"]
[Termination "normal"]
[Board "2"]
[WhiteElo "2214"]
[BlackElo "2354"]
[PlyCount "64"]
[WhiteFideId "4691962"]
[BlackFideId "4667557"]
[EventCountry "GER"]
[EventRounds "9"]
[EventType "swiss"]
[EventDate "2005.05.15"]

1. d4 Nf6 2. c4 e6 3. Nc3 Bb4 4. Qc2 O-O 5. a3 Bxc3+ 6. Qxc3 b5 7. e3 bxc4 8.
Bxc4 Bb7 9. Nf3 Ne4 10. Qc2 Ng5 11. Nxg5 Qxg5 12. f3 c5 13. O-O cxd4 14. exd4
Qh4 15. Be3 Rc8 16. Qb3 Rc7 17. g3 Qe7 18. Rac1 Nc6 19. Qa4 d6 20. Ba6 Bxa6 21.
Qxa6 Qd7 22. Rc3 Ne7 23. Rxc7 Qxc7 24. Rc1 Qd7 25. Bf4 Rd8 26. g4 h6 27. Bg3
Kh8 28. Qa5 Nd5 29. Qa6 Nb6 30. Be1 Nd5 31. Bg3 Ne7 32. Qa5 Nd5 1/2-1/2

[Event "DEM U18 2005"]
[Site "Willingen GER"]
[Date "2005.05.15"]
[Round "2"]
[White "Degtiarev, Jewgeni"]
[Black "Feuerstack, Aljoscha"]
[Result "1-0"]
[Termination "normal"]
[Board "3"]
[WhiteElo "2328"]
[BlackElo "2209"]
[PlyCount "75"]
[WhiteFideId "4149610"]
[BlackFideId "4681932"]
[EventCountry "GER"]
[EventRounds "9"]
[EventType "swiss"]
[EventDate "2005.05.15"]

1. d4 d5 2. Nf3 e6 3. c4 c6 4. e3 Bd6 5. Bd3 f5 6. Nbd2 Nf6 7. b3 Qe7 8. O-O
O-O 9. Bb2 b6 10. Ne5 Bb7 11. Qe2 Nbd7 12. f3 c5 13. Rae1 Bc7 14. e4 dxe4 15.
fxe4 cxd4 16. Nxd7 Nxd7 17. exf5 Qh4 18. Nf3 Bxf3 19. gxf3 Ne5 20. Be4 Rae8 21.
fxe6 Kh8 22. Qf2 Qh6 23. Qg2 Rxe6 24. f4 Ref6 25. fxe5 Rxf1+ 26. Rxf1 Qe3+ 27.
Rf2 Bxe5 28. Kf1 Re8 29. Qf3 Bf6 30. Qxe3 dxe3 31. Rxf6 gxf6 32. Bxf6+ Kg8 33.
Bd5+ Kf8 34. Ke2 b5 35. c5 b4 36. c6 Rc8 37. Kxe3 Ke8 38. Kd4 1-0

[Event "DEM U18 2005"]
[Site "Willingen GER"]
[Date "2005.05.15"]
[Round "2"]
[White "Frübing, Stefan"]
[Black "Eisenbeiser, Amadeus"]
[Result "1/2-1/2"]
[Termination "normal"]
[Board "4"]
[BlackTitle "FM"]
[WhiteElo "2204"]
[BlackElo "2304"]
[PlyCount "49"]
[WhiteFideId "4682165"]
[BlackFideId "4678338"]
[EventCountry "GER"]
[EventRounds "9"]
[EventType "swiss"]
[EventDate "2005.05.15"]

1. e4 c5 2. Nf3 e6 3. d4 cxd4 4. Nxd4 a6 5. Bd3 Nf6 6. O-O Qc7 7. Qe2 d6 8. Nc3
e5 9. Nb3 Be7 10. a4 O-O 11. f4 exf4 12. Bxf4 Be6 13. e5 Ng4 14. Qe4 g6 15.
exd6 Bxd6 16. h3 Bxf4 17. Rxf4 Ne5 18. Nd4 Nbd7 19. Raf1 Rae8 20. Nxe6 Rxe6 21.
Qd4 Qb6 22. Nd5 Qxd4+ 23. Rxd4 Kg7 24. Nf4 Rb6 25. b3 1/2-1/2

[Event "DEM U18 2005"]
[Site "Willingen GER"]
[Date "2005.05.15"]
[Round "2"]
[White "Jahncke, Giso"]
[Black "Armbrust, Florian"]
[Result "1-0"]
[Termination "normal"]
[Board "5"]
[WhiteElo "1882"]
[BlackElo "2243"]
[PlyCount "65"]
[WhiteFideId "24608289"]
[BlackFideId "4691350"]
[EventCountry "GER"]
[EventRounds "9"]
[EventType "swiss"]
[EventDate "2005.05.15"]

1. e4 c5 2. Nf3 d6 3. d4 cxd4 4. Nxd4 Nf6 5. Nc3 Nc6 6. Bc4 e6 7. Bb3 Be7 8.
Be3 a6 9. Qe2 Qc7 10. O-O-O Na5 11. g4 b5 12. g5 Nxb3+ 13. axb3 Nd7 14. h4 b4
15. Na4 Nc5 16. h5 Bd7 17. Kb1 Bxa4 18. bxa4 Rc8 19. g6 Bf6 20. gxf7+ Qxf7 21.
f4 O-O 22. Bc1 d5 23. e5 Bd8 24. Rdf1 Qd7 25. b3 Bb6 26. Qg4 Rfe8 27. f5 exf5
28. Nxf5 Kh8 29. Bb2 Re6 30. h6 gxh6 31. Nxh6 Qg7 32. Qf5 Qg6 33. Nf7+ 1-0

[Event "DEM U18 2005"]
[Site "Willingen GER"]
[Date "2005.05.15"]
[Round "2"]
[White "Nüsken, Nikolas"]
[Black "Möller, Hendrik"]
[Result "1-0"]
[Termination "normal"]
[Board "6"]
[WhiteElo "2243"]
[BlackElo "2180"]
[PlyCount "69"]
[WhiteFideId "24605891"]
[BlackFideId "24604917"]
[EventCountry "GER"]
[EventRounds "9"]
[EventType "swiss"]
[EventDate "2005.05.15"]

1. d4 Nf6 2. Bg5 e6 3. e4 h6 4. Bxf6 Qxf6 5. Nc3 Bb4 6. Qd3 b6 7. Nf3 Bb7 8.
Be2 c5 9. O-O cxd4 10. Nb5 Na6 11. e5 Qf4 12. g3 Qe4 13. Qxe4 Bxe4 14. Nfxd4
O-O 15. Rfd1 f6 16. Bf3 Bxf3 17. Nxf3 fxe5 18. Nxe5 Rf5 19. f4 g5 20. Nd4 Bc5
21. Nxd7 gxf4 22. Nxc5 Rxc5 23. gxf4 Kf7 24. c3 Rh5 25. Nf3 Rg8+ 26. Kf2 Nc5
27. Rd4 Kf6 28. Re1 Rd5 29. Rxd5 exd5 30. Rd1 Ne4+ 31. Ke3 Ke6 32. Nd4+ Kd6 33.
Nf5+ Ke6 34. Rxd5 Nf6 35. Re5+ 1-0

[Event "DEM U18 2005"]
[Site "Willingen GER"]
[Date "2005.05.15"]
[Round "2"]
[White "Trella, Thomas"]
[Black "Müller, Pascal"]
[Result "1/2-1/2"]
[Termination "normal"]
[Board "7"]
[WhiteElo "2266"]
[BlackElo "1813"]
[PlyCount "146"]
[WhiteFideId "24620513"]
[EventCountry "GER"]
[EventRounds "9"]
[EventType "swiss"]
[EventDate "2005.05.15"]

1. e4 e5 2. Nf3 Nc6 3. Bb5 Nf6 4. O-O Nxe4 5. d4 Nd6 6. Bxc6 bxc6 7. dxe5 Nf5
8. c4 Be7 9. Qc2 d6 10. exd6 cxd6 11. b3 O-O 12. Bb2 Be6 13. Nc3 d5 14. cxd5
cxd5 15. Rfd1 Rc8 16. Qd3 Bf6 17. Rd2 Qa5 18. Ne2 Bxb2 19. Rxb2 Rc7 20. Rd1
Rfc8 21. h3 h6 22. Nfd4 Nxd4 23. Nxd4 Rc3 24. Qe2 Qb6 25. Rbd2 Rc1 26. Rxc1
Rxc1+ 27. Kh2 Qc7+ 28. g3 Qc8 29. h4 a6 30. Rc2 Rxc2 31. Qxc2 Qd8 32. Kg2 Qf6
33. Qd2 Qg6 34. b4 Bd7 35. Qe3 Qd6 36. a3 Qf6 37. Qd3 Qb6 38. Qc3 Qd6 39. f4
Qg6 40. Qc2 Qg4 41. Qd3 Qh3+ 42. Kg1 g6 43. Qf3 Bb5 44. f5 g5 45. hxg5 hxg5 46.
Qe3 Qg4 47. Kg2 Bd7 48. Qe5 Qd1 49. Qxd5 Bc6 50. Qxc6 Qxd4 51. Qxa6 Qe4+ 52.
Kh2 Qxf5 53. Qe2 g4 54. Qd2 Qh7+ 55. Kg1 Qb1+ 56. Kf2 Qf5+ 57. Qf4 Qc2+ 58. Ke3
Qc3+ 59. Ke4 Qxa3 60. Qxg4+ Kf8 61. Kd5 Qd3+ 62. Kc5 Qc3+ 63. Kb6 Qe3+ 64. Kc7
Qa7+ 65. Kc6 Qa6+ 66. Kd5 Qb5+ 67. Kd6 Qb6+ 68. Ke5 Qb5+ 69. Kf6 Qc6+ 70. Kg5
Qd5+ 71. Qf5 Qd2+ 72. Qf4 Qd8+ 73. Kg4 Qd1+ 1/2-1/2

[Event "DEM U18 2005"]
[Site "Willingen GER"]
[Date "2005.05.15"]
[Round "2"]
[White "Mijatovic, Vladimir"]
[Black "Grimberg, Boris"]
[Result "1-0"]
[Termination "normal"]
[Board "8"]
[WhiteElo "2181"]
[BlackElo "2066"]
[PlyCount "77"]
[WhiteFideId "934062"]
[BlackFideId "4697499"]
[EventCountry "GER"]
[EventRounds "9"]
[EventType "swiss"]
[EventDate "2005.05.15"]

1. e4 c5 2. Nf3 d6 3. d4 cxd4 4. Nxd4 Nf6 5. Nc3 Nc6 6. f3 g6 7. Be3 Bg7 8. Qd2
O-O 9. Bc4 Bd7 10. O-O-O Rc8 11. Bb3 Ne5 12. h4 h5 13. Bh6 Nc4 14. Bxc4 Rxc4
15. Bxg7 Kxg7 16. Kb1 Qa5 17. Nb3 Qb6 18. g4 Be6 19. gxh5 Nxh5 20. Nd4 Rfc8 21.
Nxe6+ fxe6 22. Ka1 Qa5 23. Rhg1 R8c6 24. Rg5 R6c5 25. Rg2 b5 26. Rdg1 b4 27.
Rxg6+ Kf7 28. Nb1 Rxc2 29. Qe3 Qa4 30. R6g2 Rxg2 31. Rxg2 Qb5 32. Qg1 Qd3 33.
Rg8 Kf6 34. Qg6+ Ke5 35. Qxh5+ Kd4 36. Qh8+ e5 37. Rg1 b3 38. Qg8 Rb5 39. Nc3
1-0

[Event "DEM U18 2005"]
[Site "Willingen GER"]
[Date "2005.05.15"]
[Round "2"]
[White "Poysti, Nathanael"]
[Black "Hoffmann, Udo"]
[Result "0-1"]
[Termination "normal"]
[Board "9"]
[WhiteElo "2008"]
[BlackElo "2196"]
[PlyCount "66"]
[BlackFideId "24605735"]
[EventCountry "GER"]
[EventRounds "9"]
[EventType "swiss"]
[EventDate "2005.05.15"]

1. e4 c5 2. Nf3 Nc6 3. Bb5 g6 4. O-O Bg7 5. Bxc6 dxc6 6. h3 e5 7. d3 Ne7 8. Be3
b6 9. a4 a5 10. Nbd2 O-O 11. Nc4 f6 12. Nh2 g5 13. Qh5 Bd7 14. g3 Ng6 15. Rfd1
Be6 16. Qf3 Rb8 17. g4 h5 18. c3 hxg4 19. hxg4 Rf7 20. Qe2 Rd7 21. Nf1 Nf4 22.
Bxf4 gxf4 23. f3 Bf8 24. Kf2 Qc7 25. Nfd2 Rbd8 26. Nb3 b5 27. axb5 cxb5 28.
Ncxa5 c4 29. Nc1 Bc5+ 30. Kg2 Be3 31. b4 Kg7 32. Rh1 cxd3 33. Qd1 Qxc3 0-1

[Event "DEM U18 2005"]
[Site "Willingen GER"]
[Date "2005.05.15"]
[Round "2"]
[White "Kaufmann, Benjamin"]
[Black "Igonin, Pavel"]
[Result "0-1"]
[Termination "normal"]
[Board "10"]
[WhiteElo "1942"]
[BlackElo "2176"]
[PlyCount "64"]
[WhiteFideId "24613525"]
[EventCountry "GER"]
[EventRounds "9"]
[EventType "swiss"]
[EventDate "2005.05.15"]

1. d4 d5 2. c4 c6 3. Nf3 Nf6 4. Nc3 a6 5. e3 b5 6. cxd5 cxd5 7. Be2 Bf5 8. O-O
e6 9. a3 Bd6 10. Bd2 O-O 11. Rc1 Nbd7 12. Qb3 Nb6 13. Na2 Nc4 14. Nb4 Qd7 15.
Nd3 a5 16. Nfe5 Qb7 17. Rfd1 Ne4 18. Be1 f6 19. Nf3 Qb6 20. Nh4 Ng5 21. Nxf5
exf5 22. Rc2 Rfe8 23. a4 Reb8 24. axb5 a4 25. Qa2 Qxb5 26. Ra1 Ne4 27. Nc1 Rc8
28. Bxc4 dxc4 29. Ne2 Qb3 30. Qb1 a3 31. bxa3 Rxa3 32. Qxb3 Rxa1 0-1

[Event "DEM U18 2005"]
[Site "Willingen GER"]
[Date "2005.05.15"]
[Round "2"]
[White "Becker, Nils"]
[Black "Dück, Stefan"]
[Result "1/2-1/2"]
[Termination "normal"]
[Board "11"]
[WhiteElo "2096"]
[BlackElo "2049"]
[PlyCount "144"]
[WhiteFideId "4695216"]
[BlackFideId "4681355"]
[EventCountry "GER"]
[EventRounds "9"]
[EventType "swiss"]
[EventDate "2005.05.15"]

1. e4 e6 2. d4 d5 3. Nc3 Bb4 4. e5 c5 5. a3 Ba5 6. b4 cxd4 7. Nb5 Bc7 8. f4 Ne7
9. Nf3 Bd7 10. Nbxd4 Nbc6 11. Nb3 Bb6 12. Bd3 Rc8 13. Qe2 Qc7 14. Bd2 a6 15. c3
Ng6 16. Nbd4 Nxd4 17. cxd4 O-O 18. O-O Ba4 19. Be3 Ba7 20. Ng5 Bc2 21. Rac1
Bxd3 22. Qh5 Nxf4 23. Rxf4 Bg6 24. Rxc7 Bxh5 25. Rxb7 Bb8 26. g4 Bg6 27. Rf3 h6
28. Nh3 Rc3 29. a4 Be4 30. Rg3 Bxe5 31. dxe5 d4 32. Bxd4 Rxg3+ 33. hxg3 Bxb7
34. Nf4 Bc6 35. a5 Bf3 36. Kf2 Bxg4 37. Ke3 f6 38. Nd3 Bf5 39. Nc5 fxe5 40.
Bxe5 Ra8 41. Kf4 g5+ 42. Kf3 Kf7 43. Bc7 h5 44. Nxa6 Rxa6 45. b5 Ra8 46. b6
Rxa5 47. b7 Ra3+ 48. Kf2 Rb3 49. b8=Q Rxb8 50. Bxb8 Kf6 51. Bc7 Be4 52. Ke3 Bd5
53. Kd4 Kf5 54. Ke3 e5 55. Bd8 Kg4 56. Kf2 Bf3 57. Bc7 e4 58. Bd6 Kf5 59. Be7
Kg4 60. Bd6 h4 61. gxh4 gxh4 62. Bc7 Kf5 63. Ke3 h3 64. Bh2 Ke6 65. Kd4 Kd7 66.
Bf4 Kc6 67. Bh2 Kb5 68. Bd6 Bg2 69. Kc3 Bh1 70. Bh2 Bf3 71. Kd2 Kc4 72. Bg1 Bg2
1/2-1/2